[Event "Spanish League of Honour"]
[Site "Linares"]
[Date "2017.08.15"]
[Round "2"]
[White "Laznicka, Viktor"]
[Black "Naiditsch, Arkadij"]
[Result "1/2-1/2"]
[WhiteTitle "GM"]
[BlackTitle "GM"]
[WhiteElo "2664"]
[BlackElo "2710"]
[Board "2"]
[WhiteCountry "CZE"]
[WhiteFideId "316385"]
[WhiteEloChange "1"]
[BlackCountry "AZE"]
[BlackFideId "4650891"]
[BlackEloChange "-1"]

1. d4 Nf6 2. c4 e6 3. Nf3 d5 4. e3 a6 5. b3 Nbd7 6. Bb2 b6 7. Nc3 Bb7 8.
Bd3 Bd6 9. O-O O-O 10. Qe2 c5 11. cxd5 exd5 12. Rfd1 Re8 13. Rac1 Qb8 14.
Bf5 cxd4 15. Rxd4 Ne5 16. Na4 b5 17. Nb6 Ra7 18. Rh4 g6 19. Nxe5 Bxe5 20.
Nd7 Nxd7 21. Bxd7 Re7 22. Bc6 Bxc6 23. Rxc6 Qe8 24. Rc1 Rac7 25. Rxc7 Rxc7
26. g3 f6 27. Bxe5 fxe5 28. Rg4 Qe6 29. h4 Kg7 30. h5 Qf5 31. hxg6 hxg6 32.
Kg2 Rc1 33. Qd2 Rc2 34. e4 Qxe4+ 35. Rxe4 Rxd2 36. Rxe5 Kf6 37. Re8 Rxa2
38. Rd8 Ke5 39. Rg8 Kf5 40. Rd8 Ke4 41. Rg8 b4 42. Rxg6 a5 43. g4 d4 44. g5
a4 45. bxa4 Rxa4 46. Rb6 d3 47. g6 d2 48. Rd6 Ra6 49. Rxd2 Rxg6+ 50. Kf1 b3
51. Ke2 Rb6 52. Rd1 b2 53. Rb1 Kd4 54. Kd2 Rf6 55. Rxb2 Rxf2+ 56. Kc1 Rxb2
57. Kxb2 1/2-1/2

[Event "Spanish League of Honour"]
[Site "Linares"]
[Date "2017.08.15"]
[Round "2"]
[White "Van Wely, Loek"]
[Black "Demchenko, Anton"]
[Result "1-0"]
[WhiteTitle "GM"]
[BlackTitle "GM"]
[WhiteElo "2646"]
[BlackElo "2645"]
[Board "3"]
[WhiteCountry "NED"]
[WhiteFideId "1000268"]
[WhiteEloChange "5"]
[BlackCountry "RUS"]
[BlackFideId "4160258"]
[BlackEloChange "-5"]

1. d4 Nf6 2. c4 g6 3. Nf3 Bg7 4. g3 O-O 5. Bg2 d6 6. Nc3 Nbd7 7. O-O e5 8.
e4 exd4 9. Nxd4 Re8 10. Re1 Nc5 11. h3 h6 12. Rb1 Bd7 13. b3 a6 14. Bb2 c6
15. Qd2 a5 16. Nc2 Be6 17. Ba3 Nfd7 18. f4 f5 19. Rbd1 a4 20. b4 Nxe4 21.
Nxe4 fxe4 22. Bxe4 Nf8 23. Ne3 Bxh3 24. Bf3 Ne6 25. Bb2 a3 26. Bxg7 Nxg7
27. b5 Qb6 28. Kh2 Bf5 29. g4 Be6 30. bxc6 bxc6 31. Qxd6 Rad8 32. Qxc6 Qb2+
33. Kg3 Rxd1 34. Rxd1 Bxg4 35. Nxg4 h5 36. Nf6+ Kh8 37. Nxe8 h4+ 38. Kg4
Qf2 39. Kg5 Qg3+ 40. Bg4 1-0

[Event "Spanish League of Honour"]
[Site "Linares"]
[Date "2017.08.15"]
[Round "2"]
[White "Saric, Ivan"]
[Black "Velten, Paul"]
[Result "1-0"]
[WhiteTitle "GM"]
[BlackTitle "IM"]
[WhiteElo "2632"]
[BlackElo "2459"]
[Board "4"]
[WhiteCountry "CRO"]
[WhiteFideId "14508150"]
[WhiteEloChange "3"]
[BlackCountry "FRA"]
[BlackFideId "681091"]
[BlackEloChange "-3"]

1. e4 e6 2. d4 d5 3. Nc3 Nc6 4. Nf3 Nf6 5. e5 Ne4 6. Bd3 Bb4 7. Bd2 Nxc3 8.
bxc3 Be7 9. h4 h6 10. Ng1 Bd7 11. Qg4 Bf8 12. Ne2 Qe7 13. c4 Nb4 14. Bxb4
Qxb4+ 15. c3 Qe7 16. cxd5 exd5 17. Qf3 O-O-O 18. Rb1 Bc6 19. O-O h5 20. c4
Qe8 21. Nc3 dxc4 22. Bf5+ Kb8 23. d5 Bd7 24. d6 Bc6 25. Be4 Bxe4 26. Qxe4
b6 27. dxc7+ Kxc7 28. Nd5+ Rxd5 29. Qxd5 Bc5 30. Rfc1 Qe6 31. Qe4 Rd8 32.
Rxc4 Rd5 33. Re1 b5 34. Rcc1 Kb6 35. a4 a6 36. Qf3 bxa4 37. Red1 Rxd1+ 38.
Qxd1 Qxe5 39. Qd8+ Kb5 40. Qd7+ Ka5 41. Qd8+ Kb5 42. Rb1+ Bb4 43. Qd7+ Ka5
44. Rd1 Bc5 45. Qd2+ Kb6 46. Rb1+ Kc6 47. Qd3 Qd4 48. Qxa6+ Kd5 49. Qe2
Qxh4 50. Rd1+ Bd4 51. Qf3+ Kc5 52. Rc1+ Kb4 53. Rb1+ Kc5 54. Qf5+ Kd6 55.
Rb5 Kc7 56. Qxf7+ 1-0

[Event "Spanish League of Honour"]
[Site "Linares"]
[Date "2017.08.15"]
[Round "2"]
[White "Franco Alonso, Alejandro"]
[Black "Fedorchuk, Sergey A."]
[Result "0-1"]
[WhiteTitle "IM"]
[BlackTitle "GM"]
[WhiteElo "2434"]
[BlackElo "2633"]
[Board "5"]
[WhiteCountry "ESP"]
[WhiteFideId "2214067"]
[WhiteEloChange "-2"]
[BlackCountry "UKR"]
[BlackFideId "14102536"]
[BlackEloChange "2"]

1. d4 Nf6 2. c4 e6 3. g3 Bb4+ 4. Bd2 c5 5. Bxb4 cxb4 6. Bg2 O-O 7. Nf3 d6
8. O-O Nc6 9. a3 Re8 10. axb4 Nxb4 11. Nc3 Bd7 12. Qd2 a5 13. Rfc1 Bc6 14.
Ne1 Qb6 15. Bxc6 Qxc6 16. b3 d5 17. Nf3 Ne4 18. Nxe4 dxe4 19. Ne5 Qc7 20.
c5 Red8 21. Qe3 f5 22. Rc4 Ra6 23. f3 Nd5 24. Qd2 Nf6 25. Qe3 b5 26. cxb6
Qxb6 27. Rc6 Qb7 28. Rxa6 Qxa6 29. fxe4 Nxe4 30. Nd3 Qb6 31. Nc5 e5 32.
Nxe4 fxe4 33. Kg2 Rxd4 34. Qc3 Qa6 35. Ra2 h6 36. e3 Rd5 37. Qc4 Qxc4 38.
bxc4 Rc5 39. Ra4 Kf7 40. Kf2 Ke6 41. Ke1 h5 42. Kd2 Kf5 43. h3 Rc6 44. Rxa5
Rxc4 45. Ra7 g6 46. Rf7+ Ke6 47. Rf8 Ra4 48. Ke1 Ra2 49. Kf1 Rh2 50. h4 Ra2
51. Rg8 Kf5 52. Rg7 Ra6 53. Kf2 Kg4 54. Rg8 Ra2+ 55. Ke1 Kxg3 56. Rxg6+ Kf3
57. Rg5 Kxe3 58. Rg3+ Kd4 59. Rg5 e3 60. Rg8 Rh2 0-1

[Event "Spanish League of Honour"]
[Site "Linares"]
[Date "2017.08.15"]
[Round "2"]
[White "Korneev, Oleg"]
[Black "Argandona Riveiro, Inigo"]
[Result "1/2-1/2"]
[WhiteTitle "GM"]
[BlackTitle "IM"]
[WhiteElo "2566"]
[BlackElo "2426"]
[Board "6"]
[WhiteCountry "ESP"]
[WhiteFideId "4156803"]
[WhiteEloChange "-2"]
[BlackCountry "ESP"]
[BlackFideId "2212072"]
[BlackEloChange "2"]

1. d4 d6 2. e4 e5 3. Nf3 exd4 4. Nxd4 Nf6 5. Nc3 Be7 6. Qf3 O-O 7. Nf5 Bxf5
8. Qxf5 Re8 9. Be3 g6 10. Qf3 Nbd7 11. Be2 c6 12. O-O Bf8 13. Rfe1 b5 14.
a3 a5 15. Bd3 Ne5 16. Qd1 b4 17. Ne2 Neg4 18. Ng3 Nxe3 19. Rxe3 d5 20. axb4
axb4 21. Rxa8 Qxa8 22. Re1 Bc5 23. exd5 Rxe1+ 24. Qxe1 cxd5 25. h3 Qb8 26.
Nf1 Qf4 27. Qe2 Qc1 28. Qe5 Kg7 29. g3 Qd1 30. Kg2 h6 31. Nh2 Qd2 32. Ng4
Qg5 33. Qxg5 1/2-1/2

[Event "Spanish League of Honour"]
[Site "Linares"]
[Date "2017.08.15"]
[Round "2"]
[White "Buiza Prieto, Eihartze"]
[Black "Calzetta Ruiz, Monica"]
[Result "0-1"]
[WhiteTitle "WFM"]
[BlackTitle "WGM"]
[WhiteElo "2099"]
[BlackElo "2288"]
[Board "7"]
[WhiteCountry "ESP"]
[WhiteFideId "22250220"]
[WhiteEloChange "-5"]
[BlackCountry "ESP"]
[BlackFideId "2204185"]
[BlackEloChange "5"]

1. e4 e5 2. Nf3 Nc6 3. Bb5 a6 4. Ba4 Nf6 5. O-O b5 6. Bb3 Bc5 7. d3 d6 8.
c3 O-O 9. Re1 h6 10. h3 Bb7 11. Nbd2 Ba7 12. Nf1 Ne7 13. Ng3 Ng6 14. Bc2 d5
15. exd5 Nxd5 16. Nxe5 Ndf4 17. Nxg6 fxg6 18. Bxf4 Rxf4 19. d4 c5 20. dxc5
Bxc5 21. Qxd8+ Rxd8 22. Nh1 Rd2 23. Bb3+ Kh7 24. Rf1 Rxb2 25. Rab1 Bxf2+
26. Nxf2 Rfxf2 27. Rxf2 Rxb1+ 28. Kh2 Be4 29. Rd2 Rc1 30. Rd4 Bf5 31. g4
Bb1 32. g5 Bxa2 33. Bxa2 Rc2+ 34. Kg3 Rxa2 35. h4 Ra3 0-1

[Event "Spanish League of Honour"]
[Site "Linares"]
[Date "2017.08.15"]
[Round "2"]
[White "Banusz, Tamas"]
[Black "Jobava, Baadur"]
[Result "1/2-1/2"]
[WhiteTitle "GM"]
[BlackTitle "GM"]
[WhiteElo "2611"]
[BlackElo "2687"]
[Board "1"]
[WhiteCountry "HUN"]
[WhiteFideId "722413"]
[WhiteEloChange "1"]
[BlackCountry "GEO"]
[BlackFideId "13601520"]
[BlackEloChange "-1"]

1. Nf3 Nf6 2. g3 d5 3. Bg2 c6 4. O-O Bg4 5. h3 Bxf3 6. Bxf3 e6 7. d4 Nbd7
8. Nd2 g6 9. e4 dxe4 10. Nxe4 Nxe4 11. Bxe4 Bg7 12. c3 O-O 13. Qb3 Nf6 14.
Bf3 Qd7 15. Re1 a5 16. a4 Nd5 17. Kg2 Rfe8 18. Bd2 Ne7 19. Rad1 Nf5 20. Bf4
Bf6 21. Be4 Kg7 22. Be5 Bxe5 23. dxe5 Qc7 24. Bxf5 exf5 25. e6 fxe6 26.
Rxe6 Rxe6 27. Qxe6 Rd8 28. Rxd8 Qxd8 29. h4 Qc7 30. h5 c5 1/2-1/2

[Event "Spanish League of Honour"]
[Site "Linares"]
[Date "2017.08.15"]
[Round "2"]
[White "Baklan, Vladimir"]
[Black "Safarli, Eltaj"]
[Result "1/2-1/2"]
[WhiteTitle "GM"]
[BlackTitle "GM"]
[WhiteElo "2601"]
[BlackElo "2633"]
[Board "3"]
[WhiteCountry "UKR"]
[WhiteFideId "14102196"]
[BlackCountry "AZE"]
[BlackFideId "13402129"]

1. e4 c5 2. Nf3 Nc6 3. d4 cxd4 4. Nxd4 Qb6 5. Nb3 Nf6 6. Nc3 e6 7. a3 Be7
8. g3 O-O 9. Bg2 Qa6 10. Bf1 Qb6 11. Bg2 Qa6 12. Bf1 Qb6 1/2-1/2

[Event "Spanish League of Honour"]
[Site "Linares"]
[Date "2017.08.15"]
[Round "2"]
[White "Peralta, Fernando"]
[Black "Forcen Esteban, Daniel"]
[Result "1/2-1/2"]
[WhiteTitle "GM"]
[BlackTitle "GM"]
[WhiteElo "2540"]
[BlackElo "2535"]
[Board "4"]
[WhiteCountry "ARG"]
[WhiteFideId "105309"]
[BlackCountry "ESP"]
[BlackFideId "2288230"]

1. d4 Nf6 2. c4 g6 3. Nc3 Bg7 4. e4 d6 5. Be2 O-O 6. Be3 e5 7. d5 Nbd7 8.
g4 Nc5 9. f3 a5 10. h4 h5 11. g5 Nh7 12. Qd2 f6 13. gxf6 Rxf6 14. O-O-O Qf8
15. Nh3 a4 16. Rdg1 Qf7 17. Nf2 Bd7 18. Kb1 Nf8 19. Nd3 Nxd3 20. Qxd3 b6
21. a3 Be8 22. Bd1 Kh7 23. Qd2 Rf4 24. Rg2 Kh8 25. Ka2 Bd7 26. Qe1 Kh7 27.
Rhg1 Bh6 28. Bxf4 Qxf4 29. Rh1 Qf7 30. Bc2 Qe8 31. Qd1 Ra5 32. Qd3 Bc8 33.
Nb5 Qd8 34. Qd1 Bd7 35. Bxa4 Qa8 36. b3 Bxb5 37. cxb5 Ra7 38. Qc2 Bf4 39.
Kb2 Kh6 40. Qc6 Qd8 41. Qc2 Qa8 42. Qd1 Kh7 43. Re2 Nd7 44. Rg2 Be3 45. Qe1
Bf4 46. Rhg1 Nf8 47. Rh1 1/2-1/2

[Event "Spanish League of Honour"]
[Site "Linares"]
[Date "2017.08.15"]
[Round "2"]
[White "Shevchenko, Kirill"]
[Black "Narciso Dublan, Marc"]
[Result "1-0"]
[WhiteTitle "IM"]
[BlackTitle "GM"]
[WhiteElo "2527"]
[BlackElo "2467"]
[Board "5"]
[WhiteCountry "UKR"]
[WhiteFideId "14129574"]
[WhiteEloChange "4"]
[BlackCountry "ESP"]
[BlackFideId "2201500"]
[BlackEloChange "-4"]

1. e4 e6 2. d4 d5 3. Nd2 dxe4 4. Nxe4 Nd7 5. Nf3 Ngf6 6. Nxf6+ Nxf6 7. Bg5
h6 8. Bxf6 Qxf6 9. Bb5+ c6 10. Bd3 Bd7 11. Qe2 c5 12. O-O-O cxd4 13. Bb5
O-O-O 14. Qc4+ Kb8 15. Qxd4 Kc7 16. Qc4+ Bc6 17. Rxd8 Qxd8 18. Bxc6 bxc6
19. Qf4+ Bd6 20. Qxf7+ Qd7 21. Qxd7+ Kxd7 22. Nd2 Bf4 23. g3 Bxd2+ 24. Kxd2
Rb8 25. Rd1 e5 26. b3 g5 27. Ke3+ Ke7 28. Rd3 g4 29. Rc3 Kd6 30. Ke4 Rf8
31. f3 h5 32. Rd3+ Ke6 33. c4 gxf3 34. Rxf3 Rg8 35. h3 Rg5 36. c5 a5 37.
Rd3 Ke7 38. h4 Rg4+ 39. Kxe5 a4 40. Rd4 Rxg3 41. Rxa4 Re3+ 42. Kf5 Rc3 43.
Ra5 Rg3 44. Ra7+ Ke8 45. Rh7 Rc3 46. Ke6 1-0

[Event "Spanish League of Honour"]
[Site "Linares"]
[Date "2017.08.15"]
[Round "2"]
[White "Moskalenko, Viktor"]
[Black "Ramiro Ovejero, Juan Luis"]
[Result "1-0"]
[WhiteTitle "GM"]
[BlackTitle "IM"]
[WhiteElo "2505"]
[BlackElo "2399"]
[Board "6"]
[WhiteCountry "ESP"]
[WhiteFideId "14100100"]
[WhiteEloChange "4"]
[BlackCountry "ESP"]
[BlackFideId "2210436"]
[BlackEloChange "-7"]

1. d4 d6 2. e4 Nf6 3. f3 d5 4. e5 Nfd7 5. f4 c5 6. c3 Nc6 7. Nf3 cxd4 8.
cxd4 Nb6 9. Nc3 Bf5 10. Bd3 Bxd3 11. Qxd3 e6 12. f5 exf5 13. Qxf5 Qd7 14.
Qd3 Be7 15. O-O O-O 16. Ng5 Bxg5 17. Bxg5 Qg4 18. Be3 Nc4 19. Rf4 Qe6 20.
Bc1 f6 21. b3 fxe5 22. Rxf8+ Rxf8 23. bxc4 exd4 24. Qe2 Qxe2 25. Nxe2 dxc4
26. Rb1 b6 27. Rb5 Rd8 28. Bf4 Kf7 29. Kf2 Ke6 30. Ke1 Rd5 31. a4 Rf5 32.
g3 Rf7 33. Kd2 Rd7 34. h4 d3 35. Nc3 Nd4 36. Rb4 Nb3+ 37. Kd1 Rd4 38. Nb5
Re4 39. Nc3 Rd4 40. Be3 Rg4 41. Bf4 Na5 42. Nb5 Kd5 43. Nxa7 c3 44. Nc8 Kc5
45. Rb5+ Kd4 46. Nxb6 Nc6 47. Rd5+ Ke4 48. Rc5 c2+ 49. Kd2 Nd4 50. Rc4 Rg6
51. a5 Re6 52. Na4 1-0

[Event "Spanish League of Honour"]
[Site "Linares"]
[Date "2017.08.15"]
[Round "2"]
[White "Rudolf, Anna"]
[Black "Matnadze, Ana"]
[Result "0-1"]
[WhiteTitle "IM"]
[BlackTitle "IM"]
[WhiteElo "2260"]
[BlackElo "2389"]
[Board "7"]
[WhiteCountry "HUN"]
[WhiteFideId "722855"]
[WhiteEloChange "-6"]
[BlackCountry "ESP"]
[BlackFideId "13601377"]
[BlackEloChange "6"]

1. e4 c6 2. Nc3 d5 3. Nf3 dxe4 4. Nxe4 Nf6 5. Qe2 Nxe4 6. Qxe4 Qd5 7. Qh4
Qe6+ 8. Be2 Qg4 9. Qg3 f6 10. d4 Qxg3 11. hxg3 Bf5 12. c3 g5 13. Be3 Nd7
14. O-O-O Bg7 15. d5 cxd5 16. Nd4 Bg6 17. Nb5 e6 18. Nc7+ Kf7 19. Nxa8 Rxa8
20. Rd4 a6 21. c4 Rc8 22. Kd1 Nb6 23. c5 Nd7 24. Rb4 Rc7 25. c6 bxc6 26.
Bxa6 Ke7 27. Ke2 Kd6 28. Rc1 c5 29. Ra4 e5 30. Bb5 d4 31. Ra6+ Ke7 32. Bd2
Be4 33. b4 Bb7 34. Ra5 Bf8 35. f3 Ke6 36. Bc4+ Bd5 37. Ra6+ Bd6 38. b5
Bxc4+ 39. Rxc4 Kd5 40. Rc1 c4 41. Ba5 Rb7 42. Rb1 Nc5 43. Ra8 c3 44. Kd1
Kc4 45. Rb4+ Kd3 46. b6 e4 47. Rd8 Nd7 48. Rb3 e3 49. Re8 Be5 50. f4 gxf4
51. Ke1 f3 52. Kf1 f2 53. Rb1 Nc5 54. Bxc3 dxc3 55. Rd1+ Kc2 56. Ke2 Ne4
0-1

[Event "Spanish League of Honour"]
[Site "Linares"]
[Date "2017.08.16"]
[Round "3"]
[White "Areshchenko, Alexander"]
[Black "Wojtaszek, Radoslaw"]
[Result "1/2-1/2"]
[WhiteTitle "GM"]
[BlackTitle "GM"]
[WhiteElo "2652"]
[BlackElo "2745"]
[Board "1"]
[WhiteCountry "UKR"]
[WhiteFideId "14109530"]
[WhiteEloChange "1"]
[BlackCountry "POL"]
[BlackFideId "1118358"]
[BlackEloChange "-1"]

1. e4 e5 2. Nf3 Nc6 3. Bb5 a6 4. Ba4 Nf6 5. O-O Be7 6. Re1 b5 7. Bb3 O-O 8.
a4 b4 9. d4 d6 10. dxe5 Nxe5 11. Nxe5 dxe5 12. Qe2 a5 13. Bg5 Nd7 14. Be3
Bc5 15. Nd2 Qe7 16. Bd5 Ba6 17. Qf3 Rac8 18. Bc4 Bb7 19. Bd5 Ba6 20. Bc4
Bb7 21. Bd5 Ba6 1/2-1/2

[Event "Spanish League of Honour"]
[Site "Linares"]
[Date "2017.08.16"]
[Round "3"]
[White "Demchenko, Anton"]
[Black "Ragger, Markus"]
[Result "0-1"]
[WhiteTitle "GM"]
[BlackTitle "GM"]
[WhiteElo "2645"]
[BlackElo "2656"]
[Board "3"]
[WhiteCountry "RUS"]
[WhiteFideId "4160258"]
[WhiteEloChange "-5"]
[BlackCountry "AUT"]
[BlackFideId "1610856"]
[BlackEloChange "5"]

1. e4 e5 2. Nf3 Nc6 3. Bc4 Bc5 4. d3 Nf6 5. c3 a6 6. Bg5 h6 7. Bh4 d6 8. a4
Ba7 9. Nbd2 Qe7 10. O-O g5 11. Bg3 Nd7 12. d4 h5 13. h4 g4 14. Ne1 exd4 15.
Nd3 dxc3 16. bxc3 Nce5 17. Nf4 c6 18. Ba2 Nc5 19. Nc4 Nxc4 20. Bxc4 Nd7 21.
Nd3 Ne5 22. Nxe5 dxe5 23. a5 Be6 24. Bxe6 Qxe6 25. Rb1 Qe7 26. Qb3 O-O-O
27. Bxe5 Rh6 28. Bf4 Re6 29. e5 Rd7 30. Rfd1 Rxd1+ 31. Qxd1 Qxh4 32. g3 Qe7
33. Qd3 Bb8 34. Qf5 Bc7 35. Bg5 Qd7 36. Bf6 Re8 37. Qxh5 Bxa5 38. c4 Bd8
39. Bg7 Qe6 40. c5 Be7 41. Rb4 Rg8 42. Rf4 Qg6 43. Qxg6 fxg6 44. Rf7 Bxc5
45. Bh6 Re8 46. Rf6 Rxe5 47. Rxg6 Re2 48. Rxg4 Rxf2 49. Kh1 a5 50. Rg8+ Kd7
51. Ra8 Ra2 52. g4 Ke6 53. g5 Kf5 54. g6 Ra1+ 55. Kh2 Kxg6 0-1

[Event "Spanish League of Honour"]
[Site "Linares"]
[Date "2017.08.16"]
[Round "3"]
[White "Jones, Gawain C B"]
[Black "Saric, Ivan"]
[Result "1/2-1/2"]
[WhiteTitle "GM"]
[BlackTitle "GM"]
[WhiteElo "2660"]
[BlackElo "2632"]
[Board "4"]
[WhiteCountry "ENG"]
[WhiteFideId "409561"]
[BlackCountry "CRO"]
[BlackFideId "14508150"]

1. c4 c5 2. Nf3 Nc6 3. Nc3 g6 4. e3 Nf6 5. d4 cxd4 6. exd4 d5 7. cxd5 Nxd5
8. Qb3 e6 9. Bg5 Be7 10. Bh6 Bf8 11. Bg5 Be7 12. Bh6 Bf8 13. Bxf8 Kxf8 14.
Bb5 Nce7 15. O-O Kg7 16. Rac1 Rf8 17. Rfd1 Nf6 18. Ne5 Rb8 19. Be2 b5 20.
a4 b4 21. Nb5 a6 22. Na7 Bb7 23. Nac6 Nxc6 24. Nxc6 Bxc6 25. Rxc6 a5 26.
Qe3 Rc8 27. Rxc8 Qxc8 28. Qe5 Qc2 29. Bf3 Qf5 30. Qc7 h5 31. h3 g5 32. Re1
g4 33. hxg4 hxg4 34. Bb7 Rh8 35. g3 Rh5 36. Qc1 Qd3 37. Qe3 Qxe3 38. Rxe3
Kf8 39. Re1 Ke7 40. Rc1 Ne8 41. Bg2 Nd6 42. b3 Kd7 43. Bc6+ Kd8 44. Bg2 Kd7
45. Rc6 Ne8 46. Ra6 Nc7 47. Ra7 Kd6 48. Kf1 Rg5 49. Ke2 f6 50. Ke1 Kd7
1/2-1/2

[Event "Spanish League of Honour"]
[Site "Linares"]
[Date "2017.08.16"]
[Round "3"]
[White "Fedorchuk, Sergey A."]
[Black "Edouard, Romain"]
[Result "1/2-1/2"]
[WhiteTitle "GM"]
[BlackTitle "GM"]
[WhiteElo "2633"]
[BlackElo "2624"]
[Board "5"]
[WhiteCountry "UKR"]
[WhiteFideId "14102536"]
[BlackCountry "FRA"]
[BlackFideId "633429"]

1. e4 e6 2. d4 d5 3. Nd2 c5 4. Ngf3 cxd4 5. Nxd4 Nf6 6. exd5 Qxd5 7. Nb5
Na6 8. Nc3 Qd6 9. Qe2 Be7 10. Nc4 Qc7 11. Nb5 Qc6 12. Ne5 Qc5 13. a3 Nc7
14. b4 Qxb5 15. Qxb5+ Nxb5 16. Bxb5+ Nd7 17. Bb2 f6 18. Nxd7 Bxd7 19. Bxd7+
Kxd7 20. O-O-O+ Ke8 21. Rd3 Rc8 22. Rhd1 Rc7 23. Rc3 Rxc3 24. Bxc3 e5 25.
Kb2 Kf7 26. Rd7 Rb8 27. b5 Ke6 28. Rc7 Kd6 29. Rc4 Kd5 30. Rc7 Kd6 1/2-1/2

[Event "Spanish League of Honour"]
[Site "Linares"]
[Date "2017.08.16"]
[Round "3"]
[White "Del Rio De Angelis, Salvador G."]
[Black "Korneev, Oleg"]
[Result "1/2-1/2"]
[WhiteTitle "GM"]
[BlackTitle "GM"]
[WhiteElo "2511"]
[BlackElo "2566"]
[Board "6"]
[WhiteCountry "ESP"]
[WhiteFideId "2203138"]
[WhiteEloChange "1"]
[BlackCountry "ESP"]
[BlackFideId "4156803"]
[BlackEloChange "-1"]

1. d4 d5 2. c4 e6 3. Nc3 Be7 4. Nf3 Nf6 5. Bg5 h6 6. Bh4 O-O 7. e3 Ne4 8.
Bxe7 Qxe7 9. Rc1 c6 10. Bd3 Nxc3 11. Rxc3 dxc4 12. Bxc4 Nd7 13. O-O b6 14.
Be2 c5 15. Qc2 a5 16. Qe4 Ba6 17. Bxa6 Rxa6 18. Qb7 Rfa8 19. dxc5 R6a7 20.
Qc6 Nxc5 21. Nd4 Qb7 22. Qb5 Qa6 23. Qxa6 Rxa6 24. Rd1 Rd8 25. Rcc1 Ra7 26.
Nf3 Rxd1+ 27. Rxd1 Na4 28. Rd8+ Kh7 29. Rd2 Rc7 30. g4 Rc1+ 31. Kg2 Nc5 32.
Ne5 f6 33. Nd3 Nxd3 34. Rxd3 b5 35. Rb3 b4 36. a3 Rc4 37. Kf3 h5 38. gxh5
Kh6 39. axb4 a4 40. Rd3 Rxb4 41. Rd6 e5 42. Ra6 Kxh5 43. Kg3 Kg5 44. Ra7 g6
45. Ra6 f5 46. Ra5 Rg4+ 47. Kf3 Re4 48. Ra8 Rb4 49. Ra6 Kh5 50. Ra5 Re4 51.
Kg3 Rg4+ 52. Kf3 Re4 53. Kg3 g5 54. h3 Kg6 55. Ra6+ Kf7 56. b3 axb3 57. Rb6
g4 58. hxg4 Rxg4+ 59. Kf3 Rg1 60. Rxb3 Kf6 61. Rb8 e4+ 62. Ke2 Ra1 63. Rg8
Ra2+ 64. Kf1 Ke5 1/2-1/2

[Event "Spanish League of Honour"]
[Site "Linares"]
[Date "2017.08.16"]
[Round "3"]
[White "Calzetta Ruiz, Monica"]
[Black "Vega Gutierrez, Sabrina"]
[Result "0-1"]
[WhiteTitle "WGM"]
[BlackTitle "IM"]
[WhiteElo "2288"]
[BlackElo "2369"]
[Board "7"]
[WhiteCountry "ESP"]
[WhiteFideId "2204185"]
[WhiteEloChange "-8"]
[BlackCountry "ESP"]
[BlackFideId "2219026"]
[BlackEloChange "8"]

1. e4 c5 2. Nf3 e6 3. d4 cxd4 4. Nxd4 Nf6 5. Nc3 d6 6. g3 Nc6 7. Bg2 Bd7 8.
Nde2 Be7 9. h3 h5 10. b3 a6 11. Bb2 b5 12. a3 Rc8 13. O-O Ne5 14. Nf4 Qb6
15. Nd3 Bc6 16. Re1 Nfd7 17. Qd2 O-O 18. Nxe5 dxe5 19. Nd1 h4 20. g4 Rfd8
21. Qe3 Qc7 22. Rc1 Nf8 23. c4 bxc4 24. Rxc4 Ng6 25. b4 Qb7 26. Qb3 Ba4 27.
Qxa4 Rxc4 28. Ne3 Rcc8 29. Qa5 Rd2 30. Bxe5 Bd8 31. Qa4 Nxe5 32. Qe8+ Kh7
33. f4 Nd3 34. Rb1 Bb6 0-1

[Event "Spanish League of Honour"]
[Site "Linares"]
[Date "2017.08.16"]
[Round "3"]
[White "Jobava, Baadur"]
[Black "Bacrot, Etienne"]
[Result "1/2-1/2"]
[WhiteTitle "GM"]
[BlackTitle "GM"]
[WhiteElo "2687"]
[BlackElo "2715"]
[Board "1"]
[WhiteCountry "GEO"]
[WhiteFideId "13601520"]
[BlackCountry "FRA"]
[BlackFideId "605506"]

1. e4 e5 2. Nf3 Nc6 3. Bb5 Nf6 4. O-O Nxe4 5. Re1 Nd6 6. Nxe5 Be7 7. Bf1
Nxe5 8. Rxe5 O-O 9. Nc3 Ne8 10. Nd5 Bd6 11. Re1 c6 12. Ne3 Bc7 13. Nf5 d5
14. Ne7+ Kh8 15. Nxc8 Rxc8 16. d4 Nf6 17. Bd3 Qd6 18. g3 Rce8 19. Bf4 Qd8
20. Qf3 Rxe1+ 21. Rxe1 Bxf4 22. Qxf4 Kg8 23. c3 Re8 24. Kf1 Rxe1+ 25. Kxe1
h6 26. Kd2 Kf8 27. Qe5 Ne8 28. h4 Nd6 29. g4 Qe7 30. g5 hxg5 31. hxg5 f6
32. gxf6 gxf6 33. Qxe7+ Kxe7 34. Ke3 Ke6 35. Kf4 Ke7 36. Ke3 Ke6 1/2-1/2

[Event "Spanish League of Honour"]
[Site "Linares"]
[Date "2017.08.16"]
[Round "3"]
[White "Naiditsch, Arkadij"]
[Black "Rakhmanov, Aleksandr"]
[Result "1-0"]
[WhiteTitle "GM"]
[BlackTitle "GM"]
[WhiteElo "2710"]
[BlackElo "2663"]
[Board "2"]
[WhiteCountry "AZE"]
[WhiteFideId "4650891"]
[WhiteEloChange "4"]
[BlackCountry "RUS"]
[BlackFideId "4173708"]
[BlackEloChange "-4"]

1. e4 d5 2. exd5 Qxd5 3. Nc3 Qd6 4. d4 Nf6 5. Nf3 g6 6. Nb5 Qd8 7. c4 Bg7
8. Bf4 Na6 9. Be2 O-O 10. O-O c6 11. Nc3 Bf5 12. Re1 Ne4 13. Qb3 b6 14. Qa4
Qc8 15. Ne5 Nb8 16. Nxe4 Bxe4 17. Bg4 Bf5 18. Bf3 Bd7 19. Rad1 e6 20. Qb3
Na6 21. Qa3 Rd8 22. Qe7 Be8 23. Bg5 h6 24. Qxd8 Qxd8 25. Bxd8 Rxd8 26. Nxc6
Bxc6 27. Bxc6 Bxd4 28. a3 g5 29. b4 Rd6 30. Kf1 Kg7 31. Bd5 e5 32. Rxd4
exd4 33. Re7 b5 34. Rxf7+ Kg6 35. Rxa7 bxc4 36. Bxc4 Nb8 37. Bb5 1-0

[Event "Spanish League of Honour"]
[Site "Linares"]
[Date "2017.08.16"]
[Round "3"]
[White "Safarli, Eltaj"]
[Black "Van Wely, Loek"]
[Result "1/2-1/2"]
[WhiteTitle "GM"]
[BlackTitle "GM"]
[WhiteElo "2633"]
[BlackElo "2646"]
[Board "3"]
[WhiteCountry "AZE"]
[WhiteFideId "13402129"]
[BlackCountry "NED"]
[BlackFideId "1000268"]

1. e4 c5 2. Nf3 d6 3. d4 cxd4 4. Nxd4 Nf6 5. Nc3 a6 6. Be3 e5 7. Nb3 Be6 8.
f3 Be7 9. Qd2 O-O 10. O-O-O Nbd7 11. g4 b5 12. g5 b4 13. Ne2 Ne8 14. f4 a5
15. f5 a4 16. Nbd4 exd4 17. Nxd4 b3 18. Kb1 bxc2+ 19. Nxc2 Bb3 20. axb3
axb3 21. Na3 Ne5 22. h4 Ra4 23. Bd4 Qa8 24. Qe3 Nc7 25. f6 gxf6 26. gxf6
Bxf6 27. Rg1+ Kh8 28. Qh6 Qd8 29. Bb6 Qe7 30. Bxc7 Ng6 31. Bxd6 Qxe4+ 32.
Bd3 Qd4 33. Qc1 Qxd6 34. Bxg6 Qb8 35. Rd7 Rxa3 36. Qh6 Ra1+ 37. Kxa1 Qa8+
38. Kb1 Qa2+ 39. Kc1 Bxb2+ 40. Kd1 Qa1+ 41. Ke2 Qa6+ 42. Kf3 Qf6+ 43. Ke4
1/2-1/2